Quizzes
Events
Quiz Creation
Community
Videos
Private Events
Remove Ads
Sign In
Join for FREE
Feedback
Dark Mode
Quiz Categories
Sports
Geography
Music
Movies
Television
Just For Fun
Miscellaneous
History
Literature
Language
Science
Gaming
Entertainment
Religion
Holiday
For Kids
Quiz Lab
Recent
Popular Today
Quiz Kudos Today
Editor Picks
Curator Picks
Quizzes by...
Day
Popularity
Type
Ratings
Length
Year
Community
Subscriptions
Recent Discussions
Orange Saloon
Badges
Playlists
Quests
Create
Leaderboards
Showdown
Live 5
Trivia Bingo
Activity
Puzzle Library
Sporcle Events
Private Events
Virtual Trivia
Globe League
Become a Host
Pub Owners
SporcleCon
Opinionation
Our Games
Videos
Blog
Mobile Apps
Partnerships
Remove Ads and Go Orange
Feedback
Sports
Athletes
MLB
NBA
NHL
NFL
Soccer
Sports Teams
WWE
NCAA
Football
Premier League
Basketball
Baseball
Hockey
Golf
Tennis
Cricket
Rugby
Auto Racing
Olympics
World Cup
Sports
Athletes
MLB
NBA
NHL
NFL
Soccer
Sports Teams
WWE
NCAA
Football
Premier League
Basketball
Baseball
Hockey
Golf
Tennis
Cricket
Rugby
Auto Racing
Olympics
World Cup
Random Quiz
Search Sporcle
×
Quiz Lab
Quiz Lab
Sports
NFL
Type in answers that appear in a list
Type in answers that appear in a list
Classic
Best Score? Go Orange.
NFL Super Bowl Finalists 1991-2011 Stats
Can you name the NFL teams who've reached the final of the Super Bowl since 1991?
By
seacowman01
2m
42 Questions
189 Plays
189 Plays
189 Plays
Comments
Comments
Give Quiz Kudos
Give Quiz Kudos
-
- Ratings
hide this ad
Replay
Link that replays current quiz
Next Quiz
Link to next quiz in quiz playlist
You Got
0%
They Got
Avg Score
88%
Avg Friend Score
Upgrade to see
Score Distribution
Jump to the score distribution portion of the page
Score
0/42
Timer
02:00
0
Plays Today
Year
NFL Team
% Correct
2005 Winners
New England Patriots
96.8%
2004 Winners
New England Patriots
96.8%
2002 Winners
New England Patriots
96.8%
2008 Runners-
Up
New England Patriots
96.8%
1997 Runners-
Up
New England Patriots
96.8%
2009 Winners
Pittsburgh Steelers
94.7%
2006 Winners
Pittsburgh Steelers
94.7%
2011 Runners-
Up
Pittsburgh Steelers
94.7%
1996 Runners-
Up
Pittsburgh Steelers
94.7%
2011 Winners
Green Bay Packers
94.2%
2008 Winners
New York Giants
94.2%
1997 Winners
Green Bay Packers
94.2%
1991 Winners
New York Giants
94.2%
2001 Runners-
Up
New York Giants
94.2%
1998 Runners-
Up
Green Bay Packers
94.2%
1996 Winners
Dallas Cowboys
93.1%
1994 Winners
Dallas Cowboys
93.1%
1993 Winners
Dallas Cowboys
93.1%
2007 Winners
Indianapolis Colts
92.1%
2001 Winners
Baltimore Ravens
92.1%
2010 Runners-
Up
Indianapolis Colts
92.1%
Year
NFL Team
% Correct
2000 Winners
St. Louis Rams
91%
2002 Runners-
Up
St. Louis Rams
91%
1999 Winners
Denver Broncos
89.9%
1998 Winners
Denver Broncos
89.9%
2010 Winners
New Orleans Saints
89.4%
2003 Winners
Tampa Bay Buccaneers
88.9%
1995 Winners
San Francisco 49ers
87.8%
2007 Runners-
Up
Chicago Bears
87.8%
2006 Runners-
Up
Seattle Seahawks
85.2%
1994 Runners-
Up
Buffalo Bills
82%
1993 Runners-
Up
Buffalo Bills
82%
1992 Runners-
Up
Buffalo Bills
82%
1991 Runners-
Up
Buffalo Bills
82%
2003 Runners-
Up
Oakland Raiders
79.9%
2000 Runners-
Up
Tennessee Titans
79.9%
2009 Runners-
Up
Arizona Cardinals
79.4%
2005 Runners-
Up
Philadelphia Eagles
79.4%
1992 Winners
Washington Redskins
78.8%
2004 Runners-
Up
Carolina Panthers
78.8%
1999 Runners-
Up
Atlanta Falcons
72.5%
1995 Runners-
Up
San Diego Chargers
70.9%
Quiz Playlist
Details
Report
Send in Message
Add To Playlist
Classic:
Type in answers that appear in a list
Quiz Source
Last Updated: Feb 16, 2017
Quiz Scoreboard
CHALLENGE
Sign Up to Join the Scoreboard
Show All
Scores
Hide
Comments
May contain spoilers
Recently Published
College Basketball Coaching Resumes
by pancakes188
Sports
9m
Billboard Blitz: Fleetwood Mac
by CooCooCachoo
Music
15s
Presidents Visiting Landmarks
by Hejman
History
7m
More to Explore
Quiz From the Vault
Featured Blog Post
Where Did the Easter Bunny Come From?
hide this ad
You Might Also Like...
Tags
NFL Quiz
1991
2011
American Football
finalist
Football Champions
Super Bowl
Today's Top Quizzes in Sports
Browse Sports
hide this ad
Today's Top Quizzes in NFL
Browse NFL
Top Contributed Quizzes in Sports
1
2022 World Cup Stars
2
Les meilleurs buteurs des matchs entre le PSG et l’OM
3
FIFA Club World Cup Champions
4
Les entraîneurs de l'OM et du PSG au 21e siècle
5
Criteria MLB: Left Handed Sluggers
6
AFC Teams Reveal (Wrong Answers Minefield)
7
5-to-1: UK Sports Teams
8
5-to-1: FBS Animal Nicknames
9
2023 MLB Unique Player Accomplishments
10
Name the Premier League winners with different clubs
Explore More
Trending Topics
NBA
Crossword
Kpop
Marvel
Harry Potter
Disney
Anime
Country
The Office
NFL
Pokémon
Puzzle
Soccer
Song
WWE
hide this ad
More By:
seacowman01
Quiz
Plays
Rating
Category
Featured
Created
Pixar Bunker
740,085
4.02
Movies
Jan 10, 2012
European Countries Border Blitz
140,907
4.61
Geography
Dec 22, 2011
Car Logos Close-Up
113,536
4.42
Miscellaneous
May 12, 2012
'R'-Less States
112,368
4.50
Geography
Feb 10, 2012
Past Tense Blitz
99,751
4.51
Language
Dec 5, 2011
Go to Creator's Profile
Score Distribution
Quiz Creator Spotlight
seacowman01
Follow
Send a Message
Quizzes Created
-
Created Quiz Play Count
-
More By This Creator
Popular Quizzes Today
1
Find the US States - No Outlines Minefield
2
Find the Countries of Europe - No Outlines Minefield
3
The Countries of the World
4
Find the US States
5
Risky Map Clicking: Biggest States A-Z
6
US States
7
Popular People in 1961
8
Movies - When Are They Set?
More Sports Quizzes
Lewis or Nico?: Pole Positions (2016)
Curator's Pick
Trending Quizzes
Risky Map Clicking: Least Populous States A-Z
1-10 Letter G Words
1-10 Letter F Words
Risky Map Clicking: Next State Alphabetically
Risky Map Clicking: Biggest States A-Z
Recently Updated
Leaping Animals
pecheneg
Reality TV Shows (A-Z)
bhenderson79
Rickey Henderson's Hall of Fame Teammates
pecheneg
Champions League XIs: Arsenal
pecheneg
Quick Pick: Celebrities in WWE's Hall of Fame
aduchscher
A-Z Keypad Blitz II
pecheneg
Multiple Oscar Actors
pecheneg
Mystery Phrase Blitz: Oscar 'Best Actors'
pecheneg
F. Scott Fitzgerald Novels
LTH
Pick 3 Villains
ddd62291
Trending Topics
Harry Potter
Marvel
Anime
Disney
NBA
Kpop
Crossword
Song
WWE
NFL
Country
Soccer
The Office
Puzzle
Pokémon
Your Account Isn't Verified!
In order to create a playlist on Sporcle, you need to verify the email address you used during registration. Go to your
Sporcle Settings
to finish the process.
Report this User
Report this user for behavior that violates our
Community Guidelines
.
Details:
Send Report
Go to the Sporcle.com Mobile Site →
Comments